Faux Amis - Statistics

General Stats
  • This quiz has been taken 2 times
  • The average score is 8 of 15
Answer Stats
Hint Answer % Correct
Journée (noun) Day
100%
Matinée (noun) Morning
100%
Actuellement (adverb) Now
100%
Sensible (adjective) Sensitive
100%
Librairie (noun) Bookshop
50%
Patron (noun) Boss
50%
Chair (noun) Flesh
50%
Blesser (verb) Hurt
50%
Chance (noun) Luck
50%
Prune (noun) Plum
50%
Rester (verb) Stay
50%
Avertissement (noun) Warning
50%
Déception (noun) Disappointment
0%
Commander (verb) Order
0%
Location (noun) Rental
0%
No matching quizzes found
Score Distribution
Percent of People with Each Score
Percentile by Number Answered
Your Score History
You have not taken this quiz